MODIFICATION AND TESTING OF ONE-ROW POWER TILLER-BASED VEGETABLE TRANSPLANTER IN CUCUMBER PRODUCTION,ការកែសម្រួល និងធ្វើតេស្តឧបករណ័ស្ទូងបន្លែបំពាក់ជាមួយគោយន្តក្នុងផលិតកម្មដំណាំត្រសក់ (Record no. 23400)

000 -LEADER
fixed length control field 00717nam a22001337a 4500
040 ## - CATALOGING SOURCE
Transcribing agency RUA
082 ## - DEWEY DECIMAL CLASSIFICATION NUMBER
Classification number AGE SEN 2022 B1-462 Or.
100 ## - MAIN ENTRY--AUTHOR NAME
Personal name SENG CHHIM,សេង ឈីម
245 ## - TITLE STATEMENT
Title MODIFICATION AND TESTING OF ONE-ROW POWER TILLER-BASED VEGETABLE TRANSPLANTER IN CUCUMBER PRODUCTION,ការកែសម្រួល និងធ្វើតេស្តឧបករណ័ស្ទូងបន្លែបំពាក់ជាមួយគោយន្តក្នុងផលិតកម្មដំណាំត្រសក់
260 ## - PUBLICATION, DISTRIBUTION, ETC. (IMPRINT)
Place of publication phnom penh
Name of publisher rua
Year of publication 2022
300 ## - PHYSICAL DESCRIPTION
Number of Pages xii.47p.
Other physical details ill.
Dimensions 29cm.
856 ## - ELECTRONIC LOCATION AND ACCESS
Uniform Resource Identifier https://drive.google.com/file/d/1WGwIYg7DifjcqHLUuOmR1RfZl3WhrwRb/view?usp=sharing
942 ## - ADDED ENTRY ELEMENTS (KOHA)
Koha item type AGE
952 ## - LOCATION AND ITEM INFORMATION (KOHA)
Withdrawn status [LOCAL, KOHA] 0
952 ## - LOCATION AND ITEM INFORMATION (KOHA)
Withdrawn status [LOCAL, KOHA] 0
952 ## - LOCATION AND ITEM INFORMATION (KOHA)
Withdrawn status [LOCAL, KOHA] 0
952 ## - LOCATION AND ITEM INFORMATION (KOHA)
Withdrawn status [LOCAL, KOHA] 0
Holdings
Permanent Location Date acquired Koha item type Lost status Shelving location Barcode Current Location Full call number
Library Block B2024-07-30AGE B1.462a076025Library Block BAGE SEN 2022 B1-462 Or.
Library Block B2024-07-30AGE B1.462a076182Library Block BAGE SEN 2022 B1-462 Or.
Library Block B2024-07-30AGE B1.462a076843Library Block BAGE SEN 2022 B1-462 Or.
Library Block B2024-07-30AGE B1.462a076427Library Block BAGE SEN 2022 B1-462 Or.
មជ្ឈមណ្ឌលឯការនៃសាកលវិទ្យាល័យភូមិន្ទកសិកម្មចំការដូង

Powered by Koha